[Event "TCh-CZE 1 Liga Zapad"]
[Site "Czech Republic CZE"]
[Date "2018.01.21"]
[Round "6.3"]
[White "Korenova, M."]
[Black "Znamenacek, K."]
[Result "1/2-1/2"]
[WhiteElo "2169"]
[BlackElo "2233"]
[PlyCount "107"]
[EventDate "2017.10.29"]
[EventType "team"]
[EventRounds "11"]
[EventCountry "CZE"]
[WhiteTeam "SK OAZA Praha"]
[BlackTeam "TJ Bohemians Praha"]

1. e4 c5 2. Nf3 g6 3. Bc4 Bg7 4. O-O Nc6 5. c3 Qb6 6. Qb3 Qxb3 7. Bxb3 d6 8.
Na3 Nf6 9. d3 O-O 10. Nc4 Bg4 11. Be3 Nd7 12. Ncd2 h6 13. d4 g5 14. h3 Bh5 15.
Rfe1 Rac8 16. Rac1 b5 17. Bc2 Rc7 18. g4 Bg6 19. dxc5 dxc5 20. h4 Nce5 21. hxg5
Nxg4 22. gxh6 Bxh6 23. Bxh6 Nxh6 24. e5 Kg7 25. Bxg6 fxg6 26. Ng5 Rc6 27. e6
Nf6 28. Ndf3 Nh7 29. Rcd1 Nxg5 30. Nxg5 Rf5 31. Nh3 Ng4 32. f4 Kf6 33. Rd7 Rxe6
34. Rxe6+ Kxe6 35. Rxa7 Rd5 36. Ng5+ Kf5 37. Rxe7 Kxf4 38. Nh3+ Kg3 39. Nf2 g5
40. Nh1+ Kf3 41. Rf7+ Ke3 42. Kg2 Kd2 43. Kg3 Ne3 44. Kf3 Nc4 45. Rb7 Nxb2 46.
Rxb5 Kxc3 47. Ng3 Nd3 48. a4 Kc4 49. Kg4 Nf2+ 50. Kf3 Nd1 51. Ne4 Rf5+ 52. Kg3
Kd4 53. Nxc5 Rxc5 54. Rxc5 1/2-1/2

[Event "Silver Lake Open 2018"]
[Site "Veliko Gradiste SRB"]
[Date "2018.06.23"]
[Round "8.40"]
[White "Vujacic, Bo"]
[Black "Tadic, Ka"]
[Result "1/2-1/2"]
[WhiteElo "2211"]
[BlackElo "2025"]
[PlyCount "133"]
[EventDate "2018.06.17"]
[EventType "swiss"]
[EventRounds "9"]
[EventCountry "SRB"]

1. e4 c5 2. Nf3 g6 3. Bc4 Bg7 4. O-O Nc6 5. Re1 d6 6. h3 Rb8 7. a4 a6 8. Nc3 e6
9. d3 Nge7 10. Bf4 O-O 11. Qd2 Nd4 12. Nxd4 cxd4 13. Nd1 b6 14. c3 Bb7 15. cxd4
Bxd4 16. Nc3 Rc8 17. Bb3 Nc6 18. Ne2 Bh8 19. Bg5 Qd7 20. Be3 Qd8 21. Rac1 b5
22. axb5 axb5 23. Ra1 Ra8 24. Bh6 Re8 25. Rxa8 Bxa8 26. Ra1 Nd4 27. Nxd4 Bxd4
28. Be3 Qf6 29. Ra5 Bc6 30. Bxd4 Qxd4 31. Qc3 Qxc3 32. bxc3 Rc8 33. Kf1 Kf8 34.
Ke2 Rc7 35. h4 Ke7 36. g3 Bd7 37. Kd2 Bc6 38. f4 h5 39. Ra6 Kf6 40. Bc2 Ke7 41.
d4 Kd7 42. Bd3 Rb7 43. f5 gxf5 44. exf5 Bf3 45. Ra5 b4 46. Bb5+ Ke7 47. cxb4
exf5 48. Ke3 Bg4 49. Kf4 Kf6 50. Ke3 Rb8 51. Kd2 Rb7 52. Kc3 Re7 53. Ra3 Rc7+
54. Kd2 Rb7 55. Ra5 Rb8 56. Kc3 Rc8+ 57. Kb3 Bd1+ 58. Kb2 Rc2+ 59. Kb1 Rd2 60.
Bd7 Rxd4 61. b5 Rb4+ 62. Kc1 Bf3 63. Kd2 f4 64. gxf4 Ke7 65. Ra7 Kd8 66. Ke3
Rb3+ 67. Kf2 1/2-1/2

[Event "5th ChessAmateur Belgrade"]
[Site "Belgrade SRB"]
[Date "2019.01.08"]
[Round "7.4"]
[White "Velickovic,Sa"]
[Black "Grebeniuk,S"]
[Result "0-1"]
[BlackElo "2321"]
[BlackFideId "14117509"]
[EventDate "2019.01.04"]
[EventType "swiss"]
[WhiteElo "2299"]
[WhiteFideId "900869"]
[WhiteTitle "IM"]

1. e4 c5 2. Nf3 g6 3. Bc4 Bg7 4. d3 Nc6 5. a3 e6 6. O-O Nge7 7. Ba2 O-O
8. Re1 d5 9. exd5 Nxd5 10. Nbd2 b6 11. Ne4 h6 12. Rb1 Bb7 13. Bd2 Nd4
14. Nxd4 cxd4 15. Qg4 f5 16. Qxg6 fxe4 17. Qxe6+ Kh7 18. dxe4 Nf4 19. Bxf4 Rxf4
20. Bc4 Qf8 21. Bd3 Kh8 22. f3 Re8 23. Qg6 Re5 24. h4 Rxh4 25. Qg3 Rf4
26. Qh2 Rg5 27. Kf2 Be5 28. Qh1 Rfg4 29. Rg1 Bg3+ 30. Ke2 Rh4
0-1

[Event "Portugal Open 2019"]
[Site "Lisbon POR"]
[Date "2019.02.02"]
[Round "1.66"]
[White "Barros,Luis"]
[Black "Carlsson,Ludvig"]
[Result "0-1"]
[BlackElo "2217"]
[BlackFideId "1727010"]
[BlackTitle "CM"]
[EventDate "2019.02.02"]
[WhiteElo "1751"]
[WhiteFideId "23600110"]

1. e4 c5 2. Nf3 g6 3. Bc4 Bg7 4. c3 Qc7 5. d3 Nc6 6. a3 d6 7. Ng5 e6 8. Bf4 h6
9. Nf3 Nge7 10. Nbd2 g5 11. Bg3 f5 12. h3 f4 13. Bh2 d5 14. Ba2 Bd7 15. Nb3 b6
16. exd5 exd5 17. d4 c4 18. Nbd2 Bf6 19. g4 O-O-O 20. Qc2 b5 21. O-O-O h5
22. Rhg1 hxg4 23. hxg4 Kb7 24. Rde1 Qc8 25. Rg2 Bxg4 26. Ne5 Bh3 27. Reg1 Bxg2
28. Rxg2 Bxe5 29. dxe5 Nxe5 30. f3 Nd3+ 31. Kb1 Ne1
0-1

[Event "Portugal Open 2019"]
[Site "Lisbon POR"]
[Date "2019.02.03"]
[Round "2.61"]
[White "Galego,L"]
[Black "Marcos Herrero,F"]
[Result "1-0"]
[BlackElo "1837"]
[BlackFideId "2279045"]
[EventDate "2019.02.02"]
[WhiteElo "2508"]
[WhiteFideId "1900072"]
[WhiteTitle "GM"]

1. e4 c5 2. Nf3 g6 3. Bc4 Bg7 4. O-O Nc6 5. c3 d6 6. d4 Nf6 7. dxc5 Nxe4
8. Bxf7+ Kf8 9. Bd5 Nf6 10. cxd6 Qxd6 11. Bxc6 bxc6 12. Qa4 Bg4 13. Bf4 Qc5
14. Nbd2 Qb5 15. Qa3 h6 16. Rfe1 Qb7 17. Rxe7
1-0

[Event "17th Caspian Cup 2019"]
[Site "Anzali Free Zone IRI"]
[Date "2019.02.18"]
[Round "8.12"]
[White "Hakemi,Arman"]
[Black "Ramezani,Mahan"]
[Result "1/2-1/2"]
[BlackElo "2093"]
[BlackFideId "12572713"]
[EventDate "2019.02.12"]
[EventType "swiss"]
[WhiteElo "2317"]
[WhiteFideId "22520805"]
[WhiteTitle "FM"]

1. e4 c5 2. Nf3 g6 3. Bc4 Bg7 4. c3 e6 5. O-O Nc6 6. d4 cxd4 7. Nxd4 Nxd4
8. cxd4 d5 9. exd5 exd5 10. Bb3 Ne7 11. Nc3 h6 12. Be3 O-O 13. Qf3 Be6
14. Rfe1 Qd7 15. h3 Rac8 16. Rad1 Rfd8 17. Ne2 Bf5 18. Nc3 Be6 19. Bf4 Nc6
20. Ba4 Qe7 21. Bxc6 Rxc6 22. Be5 f6 23. Bg3 Qd7 24. Rd2 Bf7 25. Rde2 Re6
26. Qf4 Rxe2 27. Rxe2 Rc8 28. Kh2 Rd8 29. Qe3 Bf8 30. Qd3 Kg7 31. Re3 Rc8
32. Re2 Rc4 33. b3 Rc8 34. Qb5 Rc6 35. Na4 a6 36. Qa5 Qc8 37. Re3 Rc2
38. Nc5 Bxc5 39. dxc5 Rxc5 40. Qd2 Rc2 41. Qb4 Rc6 42. Re7 b6 43. Qd4 Re6
44. Ra7 Qc5 45. Qf4 b5 46. Qb8 Re7 47. Rxa6 Qc3 48. Qd8 Re8 49. Qd7 Qc8
50. Qxb5 Re1 51. Qc6 Qf5 52. Qc3 Re2 53. Ra7 g5 54. b4 h5 55. Qc7 Qe6
56. h4 gxh4 57. Bxh4 Re4 58. Qg3+ Rg4 59. Qh3 Qb6 60. Ra3 Qxb4 61. Rg3 Qf4
62. Kg1 Qc1+ 63. Kh2 Qf4 64. Kg1
1/2-1/2

[Event "XXI Foment Martinenc Open"]
[Site "Barcelona ESP"]
[Date "2019.05.18"]
[Round "4.6"]
[White "Planella Sanchez,J"]
[Black "Fernandez Diaz,Cr"]
[Result "0-1"]
[BlackTitle "FM"]
[WhiteElo "2017"]
[BlackElo "2237"]
[WhiteFideId "2250373"]
[BlackFideId "22256687"]
[EventDate "2019.04.27"]

1. e4 c5 2. Nf3 g6 3. Bc4 Bg7 4. O-O Nc6 5. Nc3 e6 6. d3 Nge7 7. Bg5 h6 8. Bh4
g5 9. Bg3 d5 10. Bb3 a6 11. Qd2 O-O 12. Rae1 d4 13. Nb1 Ng6 14. Kh1 Kh8 15. Ng1
Na5 16. f4 Nxb3 17. axb3 f5 18. fxg5 hxg5 19. Qd1 g4 20. exf5 exf5 21. Nh3 gxh3
22. Qh5+ Kg8 23. Qxg6 hxg2+ 24. Kxg2 Bd7 25. Be5 Rf7 26. Rg1 Bc6+ 27. Kh3 Qd7
28. Rg5 Bf3 29. Kh4 Qc6 30. Reg1 Bg4 31. Qxc6 bxc6 32. Bxg7 Rxg7 33. Re1 Kf7 34.
Rxg7+ Kxg7 35. Re6 Rh8+ 36. Kg3 Rh3+ 37. Kg2 Re3 38. Rxe3 dxe3 39. Nc3 f4 40. h3
f3+ 41. Kg3 f2 0-1

[Event "Croatian Cup 2019"]
[Site "Mali Losinj CRO"]
[Date "2019.05.19"]
[Round "6.111"]
[White "Leakovic,I"]
[Black "Feletar,D"]
[Result "0-1"]
[WhiteTitle "CM"]
[BlackTitle "IM"]
[WhiteElo "2153"]
[BlackElo "2365"]
[WhiteTeam "SK Slavonac, Nasice"]
[BlackTeam "SK FERIT-Osijek, Osijek"]
[WhiteFideId "14504707"]
[BlackFideId "14501147"]
[EventDate "2019.05.15"]

1. Nf3 g6 2. e4 c5 3. Bc4 Bg7 4. c3 d6 5. d3 Nf6 6. Bg5 O-O 7. Qc2 Nc6 8. a3 d5
9. Ba2 dxe4 10. dxe4 Qc7 11. Nbd2 b6 12. O-O Ba6 13. Bc4 Bb7 14. Rfe1 Na5 15.
Bf1 c4 16. Rad1 e5 17. Bxf6 Bxf6 18. Re3 Bg7 19. Qa4 Rac8 20. h4 Rfd8 21. Nb1
Bc6 22. Qc2 Rxd1 23. Qxd1 Rd8 24. Qe1 Ba4 25. Nbd2 b5 26. Ng5 Qd6 27. Re2 f6 28.
Ngf3 Bh6 29. g4 Bf4 30. Bh3 Nb7 31. Qb1 Nc5 32. Kg2 Qc6 33. Kg1 Rd3 34. Kg2 Kg7
35. g5 fxg5 36. hxg5 Qd6 37. Qe1 Qd8 0-1

[Event "Silver Lake Open 2019"]
[Site "Veliko Gradiste SRB"]
[Date "2019.06.16"]
[Round "1.10"]
[White "Stankovic,Milo"]
[Black "Al Atarji,S"]
[Result "1-0"]
[WhiteTitle "IM"]
[WhiteElo "2462"]
[BlackElo "2133"]
[WhiteFideId "938190"]
[BlackFideId "939447"]
[EventDate "2019.06.16"]

1. e4 c5 2. Nf3 g6 3. Bc4 Bg7 4. c3 e6 5. d4 cxd4 6. cxd4 d5 7. exd5 exd5 8. Bb3
Ne7 9. O-O O-O 10. Nc3 Nbc6 11. Bg5 Be6 12. Re1 h6 13. Bxe7 Nxe7 14. Ne5 Nf5 15.
Nxg6 fxg6 16. Rxe6 Qg5 17. Bxd5 Kh7 18. Ne4 Qd8 19. Bb3 Re8 20. d5 Rxe6 21. dxe6
Qh4 22. Qd5 Rb8 23. Rd1 Bxb2 24. Qd7+ Kh8 25. Bc2 Be5 26. g3 Qe7 27. Qxe7 Nxe7
28. f4 Bg7 29. Rd7 Nc6 30. Nd6 1-0

[Event "21st Sant Marti Open 2019"]
[Site "Barcelona ESP"]
[Date "2019.07.21"]
[Round "9.44"]
[White "Larsson,A2"]
[Black "Lopez Capape,A"]
[Result "1-0"]
[WhiteTitle "FM"]
[WhiteElo "2260"]
[BlackElo "1840"]
[WhiteFideId "1712128"]
[BlackFideId "2277603"]
[EventDate "2019.07.13"]

1. e4 c5 2. Nf3 g6 3. Bc4 Bg7 4. O-O Nc6 5. Re1 e6 6. Nc3 d6 7. d3 Nge7 8. a3
O-O 9. Bg5 h6 10. Bd2 d5 11. Ba2 d4 12. Ne2 e5 13. Ng3 Qd6 14. c3 a5 15. cxd4
cxd4 16. h3 Be6 17. Bb3 b5 18. Re2 Rfc8 19. Be1 Bf8 20. Rc1 Bxb3 21. Qxb3 b4 22.
a4 Nd8 23. Rec2 Bg7 24. Rc4 Qe6 25. Qd1 Rxc4 26. Rxc4 Rc8 27. Nd2 Nb7 28. Ngf1
Nd6 29. Rxc8+ Qxc8 30. Nb3 Qc7 31. Bd2 Kh7 32. Ng3 Nb7 33. Qc1 Qxc1+ 34. Bxc1
Nc6 35. Kf1 Bf8 36. Ke2 Nc5 37. Nxc5 Bxc5 38. Nf1 f6 39. Nd2 Kg7 40. Kd1 Kf7 41.
Kc2 b3+ 42. Kxb3 Bb4 43. Kc4 Na7 44. Nb3 g5 45. Bd2 Bxd2 46. Nxd2 Ke6 47. g4 Kd6
48. Nf1 Kc6 49. Ng3 Nc8 50. Nf5 Nb6+ 51. Kb3 Nd7 52. Nxh6 Kc5 53. Ng8 Kc6 54.
Ne7+ Kc5 55. Nd5 1-0

[Event "21st Sants Open 2019"]
[Site "Barcelona ESP"]
[Date "2019.08.23"]
[Round "1.23"]
[White "Song,R"]
[Black "Menac Comas,J"]
[Result "1-0"]
[WhiteTitle "FM"]
[BlackTitle "CM"]
[WhiteElo "2471"]
[BlackElo "2078"]
[WhiteFideId "3203824"]
[BlackFideId "2255308"]
[EventDate "2019.08.23"]

1. e4 c5 2. Nf3 g6 3. Bc4 Bg7 4. O-O d6 5. c3 Nf6 6. Re1 O-O 7. Bb3 Nc6 8. h3 b6
9. d4 cxd4 10. cxd4 d5 11. e5 Ne4 12. Nh2 Ba6 13. Be3 Rc8 14. f3 Ng3 15. Bf2 Nh5
16. Qd2 f5 17. exf6 Nxf6 18. Nc3 Bc4 19. Ng4 Nxg4 20. hxg4 e5 21. dxe5 Nxe5 22.
Nxd5 Rxf3 23. Rac1 Rd3 24. Ne7+ Qxe7 25. Rxe5 Rxd2 26. Rxe7 b5 27. Rxa7 Bxb2 28.
Rd1 Rxd1+ 29. Bxd1 Bd5 30. Be3 Rf8 31. Be2 Re8 32. Kf2 Rf8+ 33. Bf3 Bc4 34. Kg3
Be5+ 35. Kh4 Bf6+ 36. Kh3 Bb2 37. a3 Rd8 38. Kh4 Bf6+ 39. Bg5 Bxg5+ 40. Kxg5 Rf8
41. Kh6 Rf7 42. Ra8+ Rf8 43. Rxf8+ Kxf8 44. Kxh7 Bd3 45. Kh6 Kf7 46. Kg5 Ke6 47.
Bc6 Kf7 48. Bd5+ Ke7 49. Kf4 Kd6 50. Be4 Bf1 51. g3 Kc5 52. Bxg6 Kc4 53. Bf7+
Kc3 54. g5 Kb2 55. g6 Bc4 56. Bxc4 1-0

[Event "57th ch-IND 2019"]
[Site "Majitar IND"]
[Date "2019.12.13"]
[Round "5.12"]
[White "Shyam,N"]
[Black "Varun,V2"]
[Result "1/2-1/2"]
[BlackElo "2250"]
[BlackFideId "5039681"]
[EventDate "2019.12.10"]
[WhiteElo "2455"]
[WhiteFideId "5024218"]
[WhiteTitle "IM"]

1. e4 c5 2. Nf3 g6 3. Bc4 Bg7 4. O-O Nc6 5. Re1 e5 6. d3 Nge7 7. a3 O-O
8. Nc3 d6 9. b4 Nd4 10. h3 h6 11. Nd5 Be6 12. Nxe7+ Qxe7 13. Nd2 Bxc4
14. Nxc4 Ne6 15. Rb1 b6 16. bxc5 Nxc5 17. Ne3 f5 18. Nd5 Qh4 19. f3 fxe4
20. fxe4 Ne6 21. Be3 h5 22. Qd2 Nf4 23. Rf1 Nxd5 24. exd5 Rxf1+ 25. Rxf1 Rf8
26. Rxf8+ Bxf8 27. Qf2 Qxf2+ 28. Kxf2 Be7 29. Kf3 Kf7 30. a4 Bd8 31. Bd2 Ke8
32. Bb4 Be7 33. Ba3 Kf7 34. Ke3 Ke8 35. Ke4 Kd7 36. Bb4 Bd8 37. Kf3 Be7
38. g4 hxg4+ 39. Kxg4 Ke8 40. Bd2 Kf7 41. Kf3 Ke8 42. Bb4 Kd7 43. Ke3 Bg5+
44. Ke2 Ke7 45. Kf3 Kd7 46. Be1 Bf6 47. Bd2 Ke7 48. Be3 Kd7 49. Ke2 Kc7
50. Kd2 Kb7 51. Kc3 Bh4 52. Kc4 Be7 53. Bh6 a6 54. Kc3 Kc7 55. Kd2 Kd7
56. Be3 Bd8 57. c4 Ke8 58. Ke2 Kf7 59. Kf3 Ke8 60. Kg4 Kf7 61. h4 Kg7
62. h5 gxh5+ 63. Kxh5 Kf7 64. Kh6 Ke8 65. Kg6 Kd7 66. Kf7 Bc7 67. Bg5 Bb8
68. Kf6 Bc7 69. Kf5 Bb8 70. Ke4 Bc7 71. Ke3 Bb8 72. Kd2 Bc7 73. Kc3 Kc8
74. Kb4 Kb7 75. Be7 Kc8 76. Bf8 Kd7 77. Bh6 Kc8 78. Bd2 Kb7 79. Be1 Kc8
80. Kb3 Kd7 81. Bb4 Kc8 82. Ba3 Kd7 83. Bc1 Kc8 84. Bd2 Kd7
1/2-1/2

[Event "49th Rilton Cup 2019-20"]
[Site "Stockholm SWE"]
[Date "2019.12.28"]
[Round "2.52"]
[White "Valkama,Eero"]
[Black "Soderstrom,Adrian"]
[Result "1/2-1/2"]
[BlackElo "2095"]
[BlackFideId "1745786"]
[EventDate "2019.12.27"]
[WhiteElo "2249"]
[WhiteFideId "507555"]
[WhiteTitle "FM"]

1. e4 c5 2. Nf3 g6 3. Bc4 Bg7 4. c3 d6 5. d4 cxd4 6. cxd4 Nf6 7. Nc3 O-O
8. Bd3 Bg4 9. O-O Nc6 10. Be3 Bxf3 11. gxf3 e5 12. d5 Nd4 13. f4 Nh5
14. fxe5 dxe5 15. Qg4 f5 16. exf5 Nf6 17. Qh3 Nxf5 18. Bxf5 gxf5 19. Qxf5 Kh8
20. Rad1 Ne8 21. Qg4 Nd6 22. Kh1 Rg8 23. Bc5 Bh6 24. Qe6 Rg6 25. Qxe5+ Bg7
26. Qh5 Rh6 27. Qg4 Rh4 28. Qe6 Rh6 29. Qg4 Rh4 30. Qg2 Nf5 31. Ne4 Qd7
32. Ng3 Rg8 33. Nxf5 Qxf5 34. Rg1 Rxh2+ 35. Qxh2 Qf3+ 36. Qg2 Qh5+
1/2-1/2

[Event "127th ch-NZL Open 2020"]
[Site "Tauranga NZL"]
[Date "2020.01.20"]
[Round "7.4"]
[White "Hague,B"]
[Black "Gong,Daniel Hanwen"]
[Result "1-0"]
[BlackElo "2276"]
[BlackFideId "4303962"]
[BlackTitle "FM"]
[EventDate "2020.01.14"]
[WhiteElo "2399"]
[WhiteFideId "405647"]
[WhiteTitle "FM"]

1. e4 c5 2. Nf3 g6 3. Bc4 Bg7 4. O-O Nc6 5. c3 Qb6 6. Na3 d6 7. Re1 h6
8. Bb3 Bg4 9. h3 Bxf3 10. Qxf3 Nf6 11. d3 O-O 12. Nc4 Qc7 13. a4 Kh7 14. Bf4 Nd7
15. Qe2 Nde5 16. Ne3 e6 17. Bg3 Na5 18. Ba2 Nec6 19. Rac1 Qd7 20. Qd1 a6
21. f4 Ne7 22. d4 cxd4 23. cxd4 d5 24. e5 b5 25. Bh4 Nec6 26. Ng4 Qa7
27. Bf2 Rac8 28. Bb1 Nb4 29. Rxc8 Rxc8 30. h4 Nc4 31. h5 Qe7 32. axb5 axb5
33. Qe2 Rc6 34. Nh2 Qe8 35. Nf3 Kg8 36. Rf1 gxh5 37. Be1 Na6 38. b3 Na3
39. Bd3 Nc7 40. f5 exf5 41. Nh4 f4 42. Qxh5 Nc2 43. Bf2 Ne3 44. Bxe3 fxe3
45. Qf5 e2 46. Qh7+ Kf8 47. Bxe2 Qd7 48. Bh5 Ne6 49. Ng6+
1-0

[Event "TCh-CAT Gp1 2020"]
[Site "Barcelona ESP"]
[Date "2020.01.25"]
[Round "2.2"]
[White "Boix Moreno,D"]
[Black "Valle,Lu"]
[Result "1/2-1/2"]
[BlackElo "2285"]
[BlackFideId "3503666"]
[BlackTeam "GERUNDA, C.E"]
[BlackTitle "FM"]
[EventDate "2020.01.18"]
[WhiteElo "2255"]
[WhiteFideId "2207249"]
[WhiteTeam "TRES PEONS C.E"]
[WhiteTitle "FM"]

1. e4 c5 2. Nf3 g6 3. Bc4 Bg7 4. O-O Nc6 5. c3 Qb6 6. d4 cxd4 7. cxd4 Nxd4
8. Nc3 Qc5 9. Nxd4 Bxd4 10. Qb3 e6 11. Nb5 a6 12. Nxd4 Qxd4 13. Bd3 Ne7
14. Be3 Qg7 15. Bc5 f5 16. Qb6 fxe4 17. Bxe4 d5 18. Bxe7 Qxe7 19. Bxd5 Qd8
20. Qxd8+ Kxd8 21. Be4 Ra7 22. Rfd1+ Bd7 23. Rd6 b5 24. Rad1 Ke7 25. h4 Bc8
26. f3 Rc7 27. Kf2 Rd7 28. Rxd7+ Bxd7 29. g4 Rc8 30. g5 a5 31. Ke3 Rc5
32. Rh1 Bc6 33. Bd3 Kd6 34. Rg1 Re5+ 35. Kf4 Rd5 36. Ke3 Re5+ 37. Kf4 Rd5
38. Ke3
1/2-1/2

[Event "2021-magnus-carlsen-invitational-prelims"]
[White "Van Foreest, Jorden"]
[Black "Carlsen, Magnus"]
[WhiteFideId "1039784"]
[BlackFideId "1503014"]
[WhiteElo "2701"]
[BlackElo "2847"]
[Result "0-1"]
[Round "01"]
[Date "Sat Mar 13 2021"]
[WhiteClock "0:00:49"]
[BlackClock "0:03:25"]


1. e4 {[%clk 0:15:20]}  c5 {[%clk 0:15:20]} 2. Nf3 {[%clk 0:15:27]}  g6 {[%clk 0:15:28]} 3. Bc4 {[%clk 0:15:22]}  Bg7 {[%clk 0:14:36]} 4. c3 {[%clk 0:15:11]}  d6 {[%clk 0:13:54]} 5. d4 {[%clk 0:14:48]}  cxd4 {[%clk 0:14:02]} 6. cxd4 {[%clk 0:14:55]}  Nf6 {[%clk 0:14:10]} 7. Nc3 {[%clk 0:14:59]}  O-O {[%clk 0:14:18]} 8. Bb3 {[%clk 0:14:02]}  Nc6 {[%clk 0:13:23]} 9. h3 {[%clk 0:14:00]}  b5 {[%clk 0:12:33]} 10. O-O {[%clk 0:13:09]}  b4 {[%clk 0:12:04]} 11. Nd5 {[%clk 0:13:15]}  Nxd5 {[%clk 0:12:11]} 12. Bxd5 {[%clk 0:13:19]}  Bb7 {[%clk 0:11:39]} 13. Be3 {[%clk 0:12:20]}  Rc8 {[%clk 0:11:08]} 14. Qa4 {[%clk 0:11:44]}  e6 {[%clk 0:10:59]} 15. Bb3 {[%clk 0:11:05]}  Na5 {[%clk 0:10:20]} 16. Nd2 {[%clk 0:10:59]}  d5 {[%clk 0:10:25]} 17. Rfc1 {[%clk 0:09:36]}  Nxb3 {[%clk 0:06:06]} 18. axb3 {[%clk 0:09:34]}  Rxc1+ {[%clk 0:06:07]} 19. Rxc1 {[%clk 0:09:42]}  dxe4 {[%clk 0:06:13]} 20. Qxa7 {[%clk 0:09:00]}  Bd5 {[%clk 0:06:21]} 21. Rc7 {[%clk 0:09:05]}  Qa8 {[%clk 0:05:43]} 22. Nc4 {[%clk 0:08:07]}  Qxa7 {[%clk 0:05:51]} 23. Rxa7 {[%clk 0:08:16]}  f5 {[%clk 0:05:49]} 24. Ne5 {[%clk 0:07:34]}  f4 {[%clk 0:05:22]} 25. Bd2 {[%clk 0:07:40]}  Bxe5 {[%clk 0:05:12]} 26. dxe5 {[%clk 0:07:47]}  g5 {[%clk 0:04:32]} 27. Bxb4 {[%clk 0:06:48]}  Rc8 {[%clk 0:04:40]} 28. Bc3 {[%clk 0:06:27]}  Bxb3 {[%clk 0:04:49]} 29. Ra3 {[%clk 0:04:44]}  Bc4 {[%clk 0:04:22]} 30. Ba5 {[%clk 0:04:02]}  Bd5 {[%clk 0:04:04]} 31. Rc3 {[%clk 0:04:07]}  Rb8 {[%clk 0:04:13]} 32. b4 {[%clk 0:04:15]}  Kf7 {[%clk 0:04:17]} 33. Rc7+ {[%clk 0:02:59]}  Kg6 {[%clk 0:04:26]} 34. Rd7 {[%clk 0:03:08]}  e3 {[%clk 0:03:56]} 35. fxe3 {[%clk 0:03:05]}  fxe3 {[%clk 0:03:13]} 36. Rd8 {[%clk 0:02:54]}  Rb7 {[%clk 0:04:12]} 37. Rf8 {[%clk 0:02:38]}  Bc4 {[%clk 0:03:23]} 38. Rf6+ {[%clk 0:02:46]}  Kg7 {[%clk 0:03:57]} 39. Rf3 {[%clk 0:01:59]}  e2 {[%clk 0:03:11]} 40. Kf2 {[%clk 0:02:08]}  Bb5 {[%clk 0:03:55]} 41. Re3 {[%clk 0:00:14]}  Rf7+ {[%clk 0:02:28]} 42. Rf3 {[%clk 0:00:01]}  Rd7 {[%clk 0:02:33]} 43. Re3 {[%clk 0:00:09]}  Rd2 {[%clk 0:00:58]} 44. Bb6 {[%clk 0:00:29]}  Rb2 {[%clk 0:02:38]} 45. Bd4 {[%clk 0:00:28]}  Rb1 {[%clk 0:02:30]} 46. Bc3 {[%clk 0:00:35]}  Rf1+ {[%clk 0:02:52]} 47. Kg3 {[%clk 0:00:44]}  h5 {[%clk 0:02:59]} 48. h4 {[%clk 0:00:48]}  g4 {[%clk 0:03:08]} 49. Re4 {[%clk 0:00:43]}  Rc1 {[%clk 0:03:16]} 50. Bd2 {[%clk 0:00:49]}  Rd1 {[%clk 0:03:25]} 0-1